00581 2200193 4500001002100000005001700021008004100038035002400079043001200103082000800115084001400123245011600137260003200253300003100285650002100316700002000337850001200357990001800369YOGYA-0711000000109720170317100042.0 ind  0010-071100000001097 aYOPDYOG a590 aT 590 Uji aUji Coba Pasar Unggas Bersih dan Sehat : Contoh Dan Stimulans Bagi Pemerintah Kabupaten/Kota Menuju Pasar Sehat aJakarta,bKomnas FBPIc2009 a18 hlm.b: ilus.c; 25 cm. aBinatang - Pasar aMurad, Bakhtiar aYOPDYOG a41388-PD/A.11